000 00879nam a2200217Ii 4500
003 JO-AjNU
008 230605s9999||||xx |||||||||||||| ||und||
017 _a2007/23093
040 _aJO-AjNU
_bara
_erda
_cJO-AjNU
041 _aara
050 1 4 _aHD2346.A7.I53.2008
100 3 _aعنبه،هالة محمد لبيب,
_eauthor
_932787
245 0 0 _aادارة المشروعات الصغيرة في الوطن العربي:دليل علمي لكيفية البدء بمشروع صغير وادارته في ظل التحديات المعاصرة
250 _aط2
264 3 1 _aالقاهرة:المنظمة العربية للتنمية الادارية،2008
300 _a229ص
336 _atext
_btxt
_2rdacontent
337 _aunmediated
_bn
_2rdamedia
338 _avolume
_bnc
_2rdacarrier
650 4 _a مشروعات صغيرة - تنظيم و إدارة
_932788
999 _aA13276
_c16844
_d16844